000 00540nam a2200205 a 4500
001 BRL_363
005 20190320210715.0
008 050813s1963----au-a######---#000-0#ger-#
041 _ager
044 _aau
050 4 _aF1435
_b.A53 1963
100 1 _aAnders, Ferdinand
_923670
245 1 0 _aDas Panthenon der Maya
_cFerdinand Anders.
260 _aAustria
_bAkademische Druck
_c1963
300 _aviii, 433 p.
_bil. (algunas a color)
_c29 cm.
500 _aAu 376
650 1 4 _aMayas
_xHistoria
_923497
902 _aGRL
942 _2lcc
_cB
999 _c9176
_d9176